000 00920nam a2200265Ia 4500
003 OSt
005 20220923211448.0
006 a|||||r|||| 00| 0
007 ta
008 Pun
020 _a9789350681879 (hbk)
_c260
024 _a320,249
037 _b775, 27/02/2017, H.K. Prakashan
_cTextual
040 _aARTS
_cARTS
_bPun
041 _2Pun
_aPun
082 _aO153,3N33:g, Q2
100 _aਕਮਲਪ੍ਰੀਤ ਕੌਰ, ਂਚ.
_9160550
245 0 _aਗੁਰਦਿਆਲ ਸਿੰਘ ਦੀ ਕਹਾਣੀ ਸੰਵੇਦਨਾ
260 _aਚੰਡੀਗੜ
_b ਲੋਕਗੀਤ ਪ੍ਰਕਾFਨ
_c2012
300 _a168ਪ੍ਰ0
_ccm.
650 _a ਪੰਜਾਬੀ ਕਹਾਣੀ
650 _aਸ਼ਚਅਹ਼ਲਜ
942 _hO153,3N33:g, Q2
_cTEXL
_2CC
999 _c299758
_d299758